Thrilling Stories from the Past for Boys / (Record no. 6695)
[ view plain ]
| 000 -LEADER | |
|---|---|
| fixed length control field | 00648nam a2200241 a 4500 |
| 001 - CONTROL NUMBER | |
| JCCL Control Number | 6695 |
| 003 - CONTROL NUMBER IDENTIFIER | |
| JCCL marc code | BD-JhCC |
| 005 - DATE AND TIME OF LATEST TRANSACTION | |
| control field | 20180128121855.0 |
| 008 - FIXED-LENGTH DATA ELEMENTS--GENERAL INFORMATION | |
| fixed length control field | 180128s1970 enka 000 0 eng d |
| 020 ## - INTERNATIONAL STANDARD BOOK NUMBER | |
| International Standard Book Number | 0600725677 |
| 035 ## - SYSTEM CONTROL NUMBER | |
| system control number | (BD-JhCC)6695 |
| 040 ## - CATALOGING SOURCE | |
| Original cataloging agency | BD-JhCC |
| Transcribing agency | EQS |
| Modifying agency | BD-JhCC |
| -- | EQO |
| 041 ## - LANGUAGE CODE | |
| Language code of Book | eng |
| 082 ## - DEWEY DECIMAL CLASSIFICATION NUMBER | |
| Classification number | 823.91 |
| Author mark and Year | THR 1970 |
| 245 10 - TITLE STATEMENT | |
| Title | Thrilling Stories from the Past for Boys / |
| Statement of responsibility, etc | edited by Eric Duthie |
| 260 ## - PUBLICATION, DISTRIBUTION, ETC. (IMPRINT) | |
| Place of publication, distribution, etc | London : |
| Name of publisher, distributor, etc | Oldhams Books, |
| Date of publication, distribution, etc | 1970 |
| 300 ## - PHYSICAL DESCRIPTION | |
| Pagination | 254 p. : |
| Other physical details | ill. ; |
| Dimensions | 22 cm |
| 650 #0 - SUBJECT ADDED ENTRY--TOPICAL TERM | |
| Topical term or geographic name as entry element | Children's stories |
| 700 1# - ADDED ENTRY--PERSONAL NAME | |
| Personal name | Duthie, Eric. |
| 700 1# - ADDED ENTRY--PERSONAL NAME | |
| Personal name | F.R. Exell, |
| Titles and other words associated with a name | illustrator. |
| 942 ## - ADDED ENTRY ELEMENTS (KOHA) | |
| Source of classification or shelving scheme | Dewey Decimal Classification |
| Koha item type | Books |
| Source of classification or shelving scheme | Damaged status | Not for loan | Home library | Current library | Shelving location | Total Checkouts | Full call number | Barcode | Date last seen | Copy number | Koha item type |
|---|---|---|---|---|---|---|---|---|---|---|---|
| Dewey Decimal Classification | JCC Rouf Library | JCC Rouf Library | General Stacks | 823.91 THR 1970 | 9242 | 01/28/2018 | C - 1 | Books |